| 000 | 01293nam0a2200361 4500 | ||
|---|---|---|---|
| 001 | RU\NLR\BIBL_A\022066038 | ||
| 005 | 20250625105717.0 | ||
| 010 |
_a978-5-6050279-5-9 _9100 |
||
| 021 |
_aRU _b2023-62760 _9КН-П-6360 |
||
| 035 | _a(RuMoRGB)012185902 | ||
| 035 | _a(NLR Aleph) 022066038 | ||
| 090 |
_a12643462 _c12643462 |
||
| 100 | _a20231103d2023 |||y0rusy50 ca | ||
| 101 | 0 | _arus | |
| 102 | _aRU | ||
| 105 | _aa z 000ay | ||
| 181 | 0 |
_ai3 _baxxe |
|
| 181 | 0 |
_ab2 _bxb2e |
|
| 182 | 0 | _an | |
| 200 | 1 |
_aМы с дедушкой _eрассказы для детей _fАрхип Мамин |
|
| 203 |
_aТекст _aИзображение _bвизуальные _cнепосредственные |
||
| 210 |
_aМосква _cЭкоэнергосервис, Наш круг _d2023 |
||
| 215 |
_a29 с. _cцв. ил. _d21 |
||
| 300 | _aПеред вып. дан. авт.: Архип Мамин (Олег Иванович Мовчан) | ||
| 327 | 1 | _aСодерж.: Солнышко; Золотая рыбка | |
| 686 | 0 | _aШ9(2)60=Р7-4 | |
| 700 | 1 |
_7ca _8rus _aМамин _bА. _gАрхип _9262345 _3RU\NLR\AUTH\770262401 |
|
| 942 | _cBOOK | ||
| 980 | _aNB | ||